Normal view
MARC view
- Ökonometrisches Makromodell.
Entry Topical Term
001 - CONTROL NUMBER
- control field: 29116
003 - CONTROL NUMBER IDENTIFIER
- control field: NUST
005 - DATE AND TIME OF LATEST TRANSACTION
- control field: 20200514113741.0
008 - FIXED-LENGTH DATA ELEMENTS
- fixed length control field: 200514|| aca||aabn | a|a d
040 ## - CATALOGING SOURCE
- Original cataloging agency: NUST
- Transcribing agency: NUST
150 ## - HEADING--TOPICAL TERM
- Topical term or geographic name entry element: Ökonometrisches Makromodell.
670 ## - SOURCE DATA FOUND
- Source citation: Work cat.: (NUST)0: Macroeconometrics and time series analysis /, 2010.
